01415nam a2200337Ia 4500001001100000006001900011007001500030008004100045035002200086040002600108043001200134050001600146245009300162264005700255300006100312336002600373337002600399338003600425490009200461500001700553500003500570500005700605504010100662650005400763650004700817650005300864655002400917700002000941830004500961856007101006DIGANR0223m d cr |||||||||||100325s1994 sp ac b 000 0 spa d a(OCoLC)1335126336 aDGITAbengepncDGITA ae-sp--- 4aPQ6140.F35 00aLiteratura fantástica :buna nueva visión y sensibilidad del texto como creación.  1aBarcelona :bAnthropos, Editorial del Hombre,c1994. a1 online resource (191 p.) :billustrations, portraits.  atextbtxt2rdacontent acomputerbc2rdamedia aonline resourcebcr2rdacarrier1 aAnthropos: revista de documentación científica de la cultura,x02115611 ;v154-155. aCover title. a"Coordinadora: Julia Barella". a"N.° 154-155, Marzo-abril 1994" --P. [2] of cover. a"Documentación cultural e información bibliográfica: Literatura fantástica" (p. 133-191) 0aFantasy literaturezSpainxHistory and criticism. 0aSpanish literaturexHistory and criticism. 0aFantasy fiction, SpanishxHistory and criticism. 7aPeriodicals.2lcgft1 aBarella, Julia. 0aAnthropos (Barcelona, Spain) ;v154-155.403Digitalia Hispánicauhttps://www.digitaliapublishing.com/a/3664/